NLSUI OPAC header image

Person with disabilities and employment opportunities in India (Record no. 217529)

MARC details
000 -LEADER
fixed length control field 00641nam a2200145Ia 4500
005 - DATE AND TIME OF LATEST TRANSACTION
control field 20260209120145.0
008 - FIXED-LENGTH DATA ELEMENTS--GENERAL INFORMATION
fixed length control field 260209s9999||||xx |||||||||||||| ||und||
100 ## - MAIN ENTRY--PERSONAL NAME
Personal name Umang Bhardwaj
245 #0 - TITLE STATEMENT
Title Person with disabilities and employment opportunities in India
260 ## - PUBLICATION, DISTRIBUTION, ETC.
Place of publication, distribution, etc. BangaloreBangalore
Name of publisher, distributor, etc. NLSIU, Bangalore
Date of publication, distribution, etc. 2021
300 ## - PHYSICAL DESCRIPTION
Extent 44 p. ; 25 cm.
505 ## - FORMATTED CONTENTS NOTE
Formatted contents note Disability Issues - India Gender and disability Persons with disabilities (PWD) Rights of the disabilities - National & International Standards
700 ## - ADDED ENTRY--PERSONAL NAME
Personal name Prof. Sarasu E Thomas - GuideProf. Sarasu E Thomas - Guide
856 ## - ELECTRONIC LOCATION AND ACCESS
Uniform Resource Identifier <a href="https://dans.nls.ac.in/handle/123456789/930">https://dans.nls.ac.in/handle/123456789/930</a>
Holdings
Withdrawn status Lost status Damaged status Not for loan Home library Current library Date acquired Total Checkouts Barcode Date last seen Price effective from Koha item type
        . . 09.02.2026   LLM894 09.02.2026 09.02.2026 Dissertation